00752nam a22001937a 450000500170000001000150001702000270003203500140005903700130007308200130008624501420009926000490024127001170029030000280040770000280043570000370046370000270050070000310052720221017112240.0 aENG-135426 a9789378313820c1000.00 aEN-118958 bDBAD/PUB a333.3154 aHomestead land and livelihood initiatives/cforewarded by Prem singh; ed. by Amir Afaque Ahmad Faizy, K.Gopal Iyer [and] Dilip Kr. Rabha  aNew delhibManak Publication pvt. ltd.c2015 aB-7,Saraswati complex, subhash chowk, laxmi nagarbNew Delhie110092k011-22453894mmanak.publications@gmail.com a367p.c23cm(hbk)bindex aPrem singheforewarded  aFaizy, Amir Afaque Ahmadeeditor aIyer, K. Gopaleeditor aRabha, Dilip Kumareeditor